000 00279nam a2200133Ia 4500
100 _aSchildt/Herbert
250 _a5
942 _cBK
654 _ajava 2
245 _aThe complete reference JAVA 2
260 _bTata Mc Graw hill
_c2002
300 _a1168
546 _aENGLISH
999 _c33487
_d33487